00741 2200301 4500001002100000005001500021035002000036007000300056008004100059020001800100082001100118084001700129100001900146245008200165250001000247260004000257300004200297650001700339700001100356990000900367990000900376990000900385990000800394990000900402990001000411990000900421990000900430INLIS00000000000241220220208022204 a0010-1118000015ta220208 g 0 ind  a979-3084-54-5 a633.88 a633.88 NIN m0 aNING, Harmanto1 aMenaklukkan Penyakit Bersama Mahkota Dewa /cNing Harmanto; penyunting Tanudi acet.8 aJakarta :bAgroMedia Pustaka,c2005 aviii, 142 hlm. :bilus. ;c15 x 23 cm 4aTANAMAN OBAT0 aTANUDI a6057 a5583 a2381 a510 a510a a2381a a510b a510c